00357nam a22001217a 450000500170000002000230001703500230004003700130006310000210007624500620009726000530015930000230021220180810113924.0 a8121511143c450.00 aB-120626, B-120628 aDPLbENG aPandit, Moti Lal aBuddhism :bA religion of salvation /cby Moti Lal Pandit aNew DelhibMunshiram Manoharlal Publishersc2004 avi, 311p.c22 cms.